Arcilla lírica (Registro nro. 12040)

Detalles MARC
000 -Cabecera
Campo de control de longitud fija 00733nam a22002657a 4500
005 - Fecha y hora de la última transacción
Campo de control 20250825154527.0
008 - Elementos de longitud fija--Información general
Campo de control de longitud fija 190611b xxu||||| |||| 00| 0 spa d
041 ## - Idioma
Código de idioma Español
082 ## - Clasificación Decimal Dewey
Número de clasificación CR 861.44 A385a
100 ## - Entrada principal--Autor personal
Nombre personal Alfaro García, Ronaldo
9 (RLIN) 54291
100 ## - Entrada principal--Autor personal
Nombre personal Cabalceta Román, Iván
100 ## - Entrada principal--Autor personal
Nombre personal González Rodríguez, Óscar
100 ## - Entrada principal--Autor personal
Nombre personal Sánchez Garita, Arturo
245 ## - Título propiamente dicho
Título Arcilla lírica
260 ## - Pie de imprenta
Lugar de publicación, distribución, etc. Costa Rica
260 ## - Pie de imprenta
Nombre del editor, distribuidor, etc. Centro de Atención Institucional Jorge Debravo
260 ## - Pie de imprenta
Fecha de publicación, distribución, etc. 2019
300 ## - Descripción física
Extensión 112 páginas
490 ## - Serie
Título de la Serie Temática General
650 ## - Materia general
Temática (materia general) TEMÁTICA GENERAL
650 ## - Materia general
Temática (materia general) POESÍA COSTARRICENSE
650 ## - Materia general
Temática (materia general) LITERATURA COSTARRICENSE
650 ## - Materia general
Temática (materia general) COSTA RICA
942 ## - Punto de acceso adicional KOHA
Tipo de ítem KOHA Literatura
Fuente del sistema de clasificación o colocación Dewey Decimal Classification
Existencias
Signatura completa Código de barras Programa Académico Tipo de ítem
CR 861.44 A385a 24463 Temática General Literatura